000
00347nam a2200145 a 4500
005
20140414093847.0
008
110304s19uu xx 00 eng d
050
_a
CD 499.21
_b
C19 2003
100
_a
Carlos, Victoria P.
245
_a
I'd like to speak Filipino 2.
260
_c
2001.
650
_a
Filipino
942
_c
AVM
999
_c
109722
_d
109722